LEADER 01186nam2 2200397 450 001 990003372000203316 005 20100217121745.0 010 $a978-1-934115-17-6 035 $a000337200 035 $aUSA01000337200 035 $a(ALEPH)000337200USA01 035 $a000337200 100 $a20100217d2009----km-y0itay50------ba 101 $aeng 102 $aUS 105 $aaf--||||001yy 200 1 $aEpitope mapping protocols$fedited by Ulrich Reineke and Mike Schutkowski 205 $a2. ed. 210 $aNew York [etc.]$cHumana Press$d2009 215 $aXIII, 456 p., [8] carte di tav.$cill.$d24 cm 225 2 $aMethods in molecular biology$v524 225 2 $aSpringer Protocols 410 0$12001$aSpringer Protocols 410 0$1001000336582$12001$aMethods in molecular biology$v, 524 606 0 $aAntigeni 676 $a616.0792 702 1$aREINEKE,$bUlrich 702 1$aSCHUTKOWSKi,$bMike 801 0$aIT$bsalbc$gISBD 912 $a990003372000203316 951 $a612.79 EPI$b5325 Farm.$c612$d00255928 959 $aBK 969 $aFAR 979 $aPAOLA$b90$c20100217$lUSA01$h1217 996 $aEpitope mapping protocols$91123332 997 $aUNISA LEADER 01307nam2-2200373---450- 001 990006144770203316 005 20160503163217.0 010 $a978-1-4073-1467-9 035 $a000614477 035 $aUSA01000614477 035 $a(ALEPH)000614477USA01 035 $a000614477 100 $a20140225d2016----km-y0itaa50------ba 101 0 $aeng 102 $aGB 105 $aa|||z|||001yy 200 1 $a<> ceramica a decorazione geometrica dipinta da Segesta nel quadro delle produzioni della Sicilia occidentale$fAlfonsa Serra 210 $aOxford$cArchaeopress$d2016 215 $aIX, 211 p.$cill.$d30 cm 225 2 $aBAR International series$v2779 410 0$1001000018484$12001$aBAR International series$v, 2779 606 0 $aCeramiche preistoriche$ySegesta$2BNCF 676 $a738.0901 700 1$aSERRA,$bAlfonsa$0716015 801 0$aIT$bsalbc$gISBD 912 $a990006144770203316 951 $aXI.5. Coll. 12/ 1425$b252310 L.M.$cXI.5. Coll.$d389117 959 $aBK 969 $aUMA 979 $aCHIARA$b90$c20160503$lUSA01$h1618 979 $aCHIARA$b90$c20160503$lUSA01$h1631 979 $aCHIARA$b90$c20160503$lUSA01$h1632 996 $aCeramica a decorazione geometrica dipinta da Segesta nel quadro delle produzioni della Sicilia occidentale$91386382 997 $aUNISA